Central Library OPAC University of Rajshahi

The man of principle : (Record no. 18415)

MARC details
000 -LEADER
fixed length control field 00721nam a22002412i 4500
001 - CONTROL NUMBER
control field 18415
003 - CONTROL NUMBER IDENTIFIER
rucl marc code BD-RjUL
005 - DATE AND TIME OF LATEST TRANSACTION
control field 20211209000300.0
008 - FIXED-LENGTH DATA ELEMENTS--GENERAL INFORMATION
fixed length control field 140220r19671963enk 001 1 eng d
035 ## - SYSTEM CONTROL NUMBER
System control number (BD-RjUL)18473
040 ## - CATALOGING SOURCE
Original cataloging agency WHE
Transcribing agency WHE
Modifying agency BD-RjUL
Language of cataloging eng
041 ## - LANGUAGE CODE
Language code of text/sound track or separate title eng
082 ## - DEWEY DECIMAL CLASSIFICATION NUMBER
Classification number 823.91
Edition number 18
Author mark and year BAM 1967
100 1# - MAIN ENTRY--PERSONAL NAME
Personal name Barker, Dudley.
9 (RLIN) 56742
245 14 - TITLE STATEMENT
Title The man of principle :
Remainder of title a view of John Galsworthy /
Statement of responsibility, etc. Dudley Barker
260 ## - PUBLICATION, DISTRIBUTION, ETC. (IMPRINT)
Place of publication, distribution, etc. London :
Name of publisher, distributor, etc. Allen & Unwin,
Date of publication, distribution, etc. c1963 [Reprinted 1967].
300 ## - PHYSICAL DESCRIPTION
Pagination 240 p. (1 leaf of plates) :
Illustrations ill. ;
Size 23 cm
500 ## - GENERAL NOTE
General note Includes index.
504 ## - BIBLIOGRAPHY, ETC. NOTE
Bibliography, etc Bibliography: p. [7]
600 10 - SUBJECT ADDED ENTRY--PERSONAL NAME
Personal name Galsworthy, John,
Dates associated with a name 1867-1933.
942 ## - ADDED ENTRY ELEMENTS (KOHA)
Source of classification or shelving scheme Dewey Decimal Classification
Koha item type Books
Holdings
Lost status Source of classification or shelving scheme Damaged status Not for loan Collection code Permanent Location Current Location Shelving location Date acquired Source of acquisition Cost, normal purchase price Total Checkouts Full call number Date last seen Copy number Koha item type
  Dewey Decimal Classification   Not For Loan Fiction Central Library, University of Rajshahi Central Library, University of Rajshahi Reading Room 26/08/1969 Zeitlinger 28.00   823.91 BAM 1967 20/02/2014 C-1 Books